| 000 | 00778nam a2200169Ia 4500 | ||
|---|---|---|---|
| 008 | 100122s9999 xx 000 0 und d | ||
| 082 |
_b61181 _a823 |
||
| 100 | _aतोरडमल मधुकर | ||
| 245 | _aसमज आणि उमज | ||
| 260 |
_bपद्यगंधा प्रकाशन _c2002 |
||
| 300 | _a182 | ||
| 520 | _aप्राइड अँड प्रेज्युडिस -जेन ऑस्टीन चे मराठी स्वैर रुपांतर | ||
| 620 | _aप्राइड अँड प्रेज्युडिस -जेन ऑस्टीन चे मराठी स्वैर रुपांतर | ||
| 630 | _aसमज आणि उमज | ||
| 730 | _aसमज आणि उमज | ||
| 942 | _cBOOK | ||
| 999 |
_c436055 _d436052 |
||